000 00807cam a2200217 4500
001 WB3731-54
008 010810n2001 000 0 eng u
035 _a(Sirsi) u114057
245 _aExtra help for FMD hit communities
260 _c2001
490 _aDEFRA News Release
_v(87/01) 3 August 2001, (2)
520 _aGovernment announces funding of £400,000 for the second Rural Stress Action Plan which has been extended to include rural communities more generally. Government also intends to continue the match funding scheme for charities helping FMD hit communities.
590 _aWB
650 _aFUNDING
650 _aFARMERS
650 _aFARMING INDUSTRY
650 _aFOOT-AND-MOUTH DISEASE
650 _aRURAL COMMUNITIES
690 _aRURAL-AGRICULTURE AND FORESTRY
942 _n0
999 _c67986
_d67986